| 000 | 00441nam a2200169Ia 4500 | ||
|---|---|---|---|
| 008 | 170705s9999 xx 000 0 und d | ||
| 020 | _a590436112 | ||
| 245 | 2 | _aA picture book of Martin Luther King, Jr. / | |
| 245 | _cDavid A. Adler ; illustrated by Robert Casilla. | ||
| 260 | _aNew York : | ||
| 260 | _bScholastic, | ||
| 260 | _c1989 | ||
| 300 | _aunpaged : | ||
| 300 | _bcolor illustration ; | ||
| 300 | _c21cm. | ||
| 500 | _a680 | ||
| 999 |
_c336076 _d336076 |
||